Sinh viên với vấn đề khởi nghiệp /

שמור ב:
מידע ביבליוגרפי
מחבר ראשי: Lê Đình Thảo, TS.
פורמט: Bài viết
שפה:Vietnamese
נושאים:
תגים: הוספת תג
אין תגיות, היה/י הראשונ/ה לתייג את הרשומה!
Thư viện lưu trữ: Thư viện Trường Đại học Đà Lạt
LEADER 00721nam a2200253 4500
001 DLU180187543
005 ##20181003
040 # # |a DLU  |b vie 
041 # # |a vie 
044 # # |a vn 
100 # # |a Lê Đình Thảo,   |c TS. 
245 # # |a Sinh viên với vấn đề khởi nghiệp /  |c Lê Đình Thảo. 
653 # # |a Khởi nghiệp 
653 # # |a Sinh viên  
773 # # |t Tạp chí dạy và học ngày nay  |g Số 04, 2017, tr. 13 
920 # # |a Phòng Tạp chí -- Trung tâm Thông tin - Thư viện Trường Đại học Đà Lạt 
994 # # |a DLU 
900 # # |a True 
911 # # |a Trần Thị Minh Hương 
925 # # |a G 
926 # # |a A 
927 # # |a BB 
980 # # |a Thư viện Trường Đại học Đà Lạt